Nadelbaumarten - Statistiken

Allgemein
  • Dieses Quiz wurde 136 mal gespielt
  • Das Durchschnittsergebnis liegt bei 5 aus 9
Antwortstatistiken
Hint Antwort % Korrekt
T Tanne
99%
F Fichte/Föhre
93%
K Kiefer
81%
L Lärche/Lebensbaum/Latsche
67%
Z Zeder/Zypresse/Zirbe
55%
E Eibe
47%
D Douglasie
33%
W Wacholder
13%
R Riesenmammutbaum
1%
Keine übereinstimmenden Quizze gefunden
Verteilung der Resultate
Anzahl Personen mit jedem Resultat
Perzentil nach korrekt beantworteten Fragen
Ihre Resultats-Entwicklung
Sie haben dieses Quiz noch nicht gespielt